[Event "Reykjavik"]
[Site "Reykjavik ISL"]
[Date "1987.??.??"]
[Round "?"]
[White "Olafsson, Helgi"]
[Black "Agdestein, Simen"]
[Result "0-1"]
[WhiteElo "2555"]
[BlackElo "2560"]
[EventDate "1987.02.??"]

1. d4 e6 2. c4 f5 3. g3 Nf6 4. Bg2 c6 5. Nf3 d5 6. O-O Bd6 7. b3 Qe7 8. 
Bb2 b6!? {Black can solve the problem of his light-squared bishop by means
of fianchetto} ( 8. ... O-O 9. Ne5 Bd7 10. Qc1 Be8 11. Ba3 Nbd7 12. Nd3 
Bh5 13. Re1 Rae8 14. Bxd6 Qxd6 15. Qa3 Qc7 16. Nd2 Ne4 17. Nf3 dxc4 18. 
bxc4 c5 19. Rac1 a6 20. e3 Bxf3 21. Bxf3 e5 22. Bxe4 fxe4 23. Nxc5 exd4 
24. exd4 Nxc5 25. Qxc5 Qxc5 26. dxc5 Rf5 27. Rb1 Re7 28. c6 bxc6 29. Rb6 
Rc5 30. Rxa6 Rxc4 {1/2-1/2(46) Georgiev, Kiril (2605) - Knaak, Rainer 
(2500) / DDR-BUL m (1.1), Nordhausen 1987} ) 9. Qc1 O-O 10. Ba3 Bb7 11. 
Bxd6 Qxd6 12. Qa3 c5 13. dxc5 bxc5 14. Nc3 Nbd7 15. Rfd1?! ( 15. e3 ) 
15. ... f4! -/+ 16. Rac1 a6 17. Bh3 Rae8 18. Rc2 h6 19. Na4 Ne4 20. cxd5 
exd5 21. Bxd7 Qxd7 22. Nxc5 Nxc5 23. Rxc5 Rxe2 24. Nd4 fxg3 25. fxg3 Qf7 
0-1

[Event "Hoogovens"]
[Site "Wijk aan Zee NED"]
[Date "1987.01.??"]
[Round "13"]
[White "Flear, Glenn C"]
[Black "Short, Nigel D"]
[Result "1/2-1/2"]
[WhiteElo "2495"]
[BlackElo "2615"]
[EventDate "1987.01.??"]

1. d4 e6 2. c4 f5 3. g3 Nf6 4. Bg2 d5 5. Nf3 c6 6. O-O Bd6 7. b3 Qe7 8. 
Ne5 O-O 9. Nd3 b6 10. Bb2 ( 10. Bf4!? ) 10. ... Nbd7 11. Nd2 a5 12. Rc1 
Bb7 13. Rc2 Rac8 14. Qc1 c5 15. Nf3 dxc4 16. Rxc4 Nd5 = 17. dxc5 Nxc5 18. 
Nxc5 Bxc5 19. Bd4 Ba6 20. Bxc5 bxc5 21. Ra4 Qc7 22. Ng5 Qb6 23. Qd2 Nb4 
24. a3 h6 25. Nxe6 Qxe6 26. axb4 Rfd8 27. Qe3 Qxe3 28. fxe3 cxb4 29. Rxf5 
Rd1+ 30. Kf2 Rc2 31. Bf3 Bxe2 32. Bxe2 Rdd2 33. Raxa5 Rxe2+ 34. Kf3 Rxh2 
35. Rab5 Rcf2+ 36. Kg4 Rxf5 37. Rxf5 Rb2 38. Rb5 Rxb3 39. Rb7 Rb1 40. e4 
b3 41. Kh3 h5 42. Kg2 Kf8 43. e5 g6 44. e6 Ke8 45. Kh2 Rb2+ 46. Kg1 g5 47.
 Kh1 h4 48. gxh4 gxh4 49. Kg1 h3 50. Kh1 Rb1+ 51. Kh2 b2 52. e7 Kf7 53. 
e8=B+ Kxe8 54. Rb8+ Kd7 55. Rb7+ Kc6 56. Rb3 Kc5 57. Rb8 1/2-1/2

[Event "Pula"]
[Site "Pula CRO"]
[Date "1988.??.??"]
[Round "1"]
[White "Bareev, Evgeny"]
[Black "Vaisser, Anatoly"]
[Result "0-1"]
[WhiteElo "2555"]
[BlackElo "2490"]
[EventDate "1988.??.??"]
[PlyCount "80"]

1. d4 e6 2. c4 f5 3. g3 Nf6 4. Bg2 d5 5. Nh3 c6 6. O-O Bd6 7. Bf4 O-O 8. 
Qb3 Be7! {Black keeps the important bishop, which defends the dark 
squares, from being exchanged. At the same time, he disturbs the 
coordination of White's pieces.} 9. Na3 h6!? 10. Rad1 g5 11. Bd2 {Bb4} 
11. ... a5! 12. f3 b5! 13. cxb5 cxb5 14. Nxb5 a4 15. Qe3 ( 15. Qc3 Qb6 16.
 Qc7 Qxc7 17. Nxc7 Ra7 18. Rc1 ( 18. Nb5 Rb7 19. Nc3 Rxb2 20. Nxa4 Rxa2 
21. Nc3 Rc2 =+ ) 18. ... Bd7 19. Bxg5! hxg5 20. Nxg5 Nc6 21. Ncxe6 Rb8 =+ 
) 15. ... Qb6 16. Nc3 Nc6 17. Kh1! ( 17. Bc1 e5!? 18. f4! exd4 19. Nxd5 
Nxd5 20. Bxd5+ Kh8 21. Qd2 Bb4 22. Qd3 Ba6 23. Bc4 Bb7! ) 17. ... Nxd4 18.
 Qg1 Bc5 19. Be3 Nb3 20. Bf2! Bxf2 21. Nxf2 Nc5 22. Nd3 Ncd7 23. e4? d4 
24. e5 dxc3 25. exf6 cxb2 26. Qxb6 Nxb6 27. f4? a3! -+ 28. Bxa8 Nxa8 29. 
Nc5 Nc7! 30. Rd6 Nd5 31. Kg1 Kf7 32. Re1 gxf4 33. gxf4 Nc3 34. Rd3 Nxa2 
35. Rb1 Nc3 36. Rxc3 a2 37. Rcc1 bxc1=Q+ 38. Rxc1 Rd8 39. Kf2 Rd2+ 40. Ke3
Rc2 0-1

[Event "Wichern Open 3rd"]
[Site "Hamburg GER"]
[Date "1995.??.??"]
[Round "3"]
[White "Bach, Matthias"]
[Black "Gleizerov, Evgeny"]
[Result "0-1"]
[WhiteElo "2330"]
[BlackElo "2540"]
[EventDate "1995.09.??"]

1. d4 e6 2. c4 f5 3. Nc3 Nf6 4. g3 d5 5. Bg2 c6 6. Qd3 Bd6 7. Nh3 O-O 8. 
Bf4 Be7! 9. f3 ( 9. O-O Ne4!? 10. f3 Nxc3 11. bxc3 Nd7 12. e4 g5! 13. Be3 
g4 14. Nf4 gxf3 =+ ) 9. ... c5!? {Exploiting lack of harmony in White's 
pieces} 10. dxc5! d4! 11. Nb5 Bxc5!? 12. Nc7 Nc6! 13. Nxa8 e5 {xBg2, xNh3}
14. Bg5 Bb4+ 15. Kf1 Be7 16. Nf2?! ( 16. Qb3! Kh8 17. Kf2 b6 18. Nxb6 axb6
) 16. ... Be6 =+ 17. Bh3 g6 18. a3 Qxa8 19. Kg2 Qc8!? 20. e4!? dxe3 21. 
Bxe3 Rd8 22. Qc3 Nd4 23. Rhd1!? Qxc4 24. Rac1? Nd5!! -/+ 25. Qe1? Nc2! -+ 
26. Rxc2 Qxc2 27. Bxa7 Bf6 28. b4?! b6 29. Kg1 Qc7 30. Ne4 Kg7?! 31. Nxf6 
Kxf6 32. f4 Qxa7 0-1

[Event "Balakovo"]
[Site "Balakovo"]
[Date "1994.??.??"]
[Round "?"]
[White "Yakovich, Yuri"]
[Black "Shtyrenkov, Veniamen"]
[Result "1-0"]
[WhiteElo "2530"]
[BlackElo "2445"]
[EventDate "1994.??.??"]

{
http://ctart.chessok.com/course/chess-opening-other-openings/dutch-defense/the-iljin-zhenevsky-system/white-s-typical-plans-and-methods-of-play/exchange-of-the-d4-pawn-for-the-e6-pawn
} 
1. d4 e6 2. Nf3 f5 3. g3 Nf6 4. Bg2 Be7 5. O-O O-O 6. c4 d6 7. Nc3 a5 8. 
b3 Qe8 9. Bb2 Nc6 {EXCHANGE OF THE d4-PAWN FOR THE e6-PAWN INTENDED TO 
DESTROY BLACK'S FLEXIBLE PAWN CHAIN} 10. d5! {Trying to obstruct Black's 
plan, which involves the e6-e5 advance and creation of the mobile pawn 
center} 10. ... Nd8!? ( 10. ... Ne5 ) ( 10. ... Nb4 ) 11. dxe6 ( 11. Ng5 
Nxd5! 12. Nxd5 exd5 13. Qxd5+ Kh8 = ) 11. ... Nxe6 12. Nd4 Nc5 13. Qc2 Qh5
14. e3 c6 15. a3 Ng4 16. h3 Nf6 ( 16. ... Ne5 17. Rad1 ) 17. Nce2! +/- {
The black pawn chain has been destroyed. White managed to restrict the 
opponent's counterplay and obtain an enduring advantage} 17. ... Qf7 18. 
b4 axb4 19. axb4 Rxa1 20. Bxa1 Na6 21. b5 Nb4 22. Qb1! c5 23. Nxf5 Bxf5 
24. Qxf5 Qxc4 25. Nf4! Qxb5 26. Ne6 Qd7 27. Nxg7! d5 28. Ne6 Kf7 29. Bf3! 
+- Bd8 30. Bxf6 1-0

[Event "Munich Open 9192"]
[Site "Munich GER"]
[Date "1992.??.??"]
[Round "2"]
[White "Greenfeld, Alon"]
[Black "Riedel, Wolfgang"]
[Result "1-0"]
[WhiteElo "2515"]
[BlackElo "2320"]
[EventDate "1992.01.??"]

{
http://ctart.chessok.com/course/chess-opening-other-openings/dutch-defense/the-iljin-zhenevsky-system/white-s-typical-plans-and-methods-of-play/the-e2-e4-breakthrough
} 
1. d4 f5 2. g3 Nf6 3. Bg2 e6 4. c4 Be7 5. Nf3 O-O 6. O-O d6 7. Nc3 Qe8 8. 
Re1 Qg6 9. e4 {White tries to grab the initiative by a sharp breakthrough 
in the center} 9. ... fxe4 10. Nxe4 Nc6?! {Better is 10. . . Ne4 11. Re4 
Nc6 with complicated play, while 11. . . Qe4?! gives White better chances 
after 12. Nh4 Qh4 13. gh Bh4 14.Be3.} 11. d5! {By a couple of pawn blows 
in the center White seized space for active operations of his pieces} 
11. ... exd5 12. Nh4 Qg4 13. Bf3! Qd7 ( 13. ... dxe4!? 14. Bxg4 Bxg4 15. 
Qb3 Nd4 16. Qxb7 +/- ) 14. Nxf6+ Bxf6 15. Qxd5+! ( 15. Bxd5+?! Kh8 16. Qh5
Qg4 ) 15. ... Kh8 16. Qh5 Bxh4 ( 16. ... Ne7 17. Rxe7 ) ( 16. ... Ne5 17. 
Be4 ) 17. Be4 g6 18. Qxh4 +/- {The bishop pair and the weakened black king
shelter secure White a large edge} 18. ... Qf7 19. Be3 Be6 20. Rad1 Rae8 
21. b3 a6 22. Re2 Bf5 23. Bd5 Be6 24. Bg2 Bd7 25. Rde1 Rxe3! 26. fxe3 Ne5 
27. Qd4! b6 28. Rf1 Qe7 29. Rxf8+ Qxf8 30. Qh4!? Bc6 31. Rf2 Qe8 32. Qf6+ 
Kg8 33. Bxc6 Nxc6 34. h3 Ne5 35. Kh2 Nd7 36. Qf3 Kg7 37. g4 Qe7 38. Kg2 
Ne5 39. Qe4 a5 40. Kg3 h6 41. a3! +- h5 42. gxh5 Qg5+ 43. Kh2 Qxh5 44. Qf4
Qd1 45. Qf6+ Kh7 46. Qe7+ Kh6 47. Qd8! Kh7 48. Qxc7+ Kh6 49. Qd8 Kh7 50. 
b4 axb4 51. axb4 Qe1 52. Qe7+ Kh6 53. Qf8+ Kh7 54. Ra2 Nc6 55. Qxd6 1-0